Loading...

The Apple Tree: a short novel and some stories

Bibliographic Details
Main Author: Maurier, Daphne Du
Format: Printed Book
Published: London, Victor Gollancz Ltd 1952
Subjects:
LEADER 005480000a22001810004500
020 |a 0-075-01334-6 
022 |a 28-07-2004 
041 |a English 
082 |a 823 MAU/T J2 
100 |a Maurier, Daphne Du 
245 |a The Apple Tree: a short novel and some stories 
260 |a London, Victor Gollancz Ltd 
260 |c 1952 
650 |a English literature 
650 |a Novel 
942 |c BK 
999 |c 146236  |d 146232 
952 |0 0  |1 0  |4 0  |6 823_000000000000000_MAU_T_J2  |7 0  |9 145009  |a SCC  |b SCC  |d 2017-10-11  |l 0  |o 823 MAU/T J2  |p SCC01675  |r 2017-10-11  |w 2017-10-11  |y BK